000 00684nam a2200217Ii 4500
003 JO-AjNU
008 230605s9999||||xx |||||||||||||| ||und||
017 _a1979/2288
020 _a977-247-673-8
040 _aJO-AjNU
_bara
_erda
_cJO-AjNU
041 _aara
050 1 4 _aBP80.H37.A2864
100 3 _aأبو علم، توفيق,
_eauthor
_936690
245 0 0 _aأهل البيت الحسين بن علي
264 3 1 _aالقاهرة:دار المعارف ، 1979
300 _a214ص
336 _atext
_btxt
_2rdacontent
337 _aunmediated
_bn
_2rdamedia
338 _avolume
_bnc
_2rdacarrier
650 4 _aاهل بيت رسول الله-الحسين بن علي
_936691
999 _aA15266
_c18834
_d18834